El hombre y su poesía

Gardado en:
Detalles Bibliográficos
Main Authors: Hernández, Miguel (Author), Cano Ballesta, Juan (Author)
Formato: Libro
Idioma:Lingua castelá
Publicado: Madrid Cátedra 1985
Edición:7a. ed
Series:Letras hispánicas, 2
Subjects:
Tags: Engadir etiqueta
Sen Etiquetas, Sexa o primeiro en etiquetar este rexistro!

MARC

LEADER 00000nam a2200000 a 4500
001 UCV7689
003 CL-VaPUC
008 890531e19850000SP |||||||||||||||||spa|d
082 0 4 |a 861.09  |b HER  |2 21 
100 0 |a Hernández, Miguel  |e author  |9 265382 
700 0 |a Cano Ballesta, Juan  |e author  |9 301828 
245 1 3 |a El hombre y su poesía 
250 |a 7a. ed 
300 |a 206 p 
942 |c BK 
945 |d 19890531 00:00:00 
260 |a Madrid  |b Cátedra  |c 1985 
600 0 7 |a HERNANDEZ, MIGUEL  |2 CL-VaPUC  |9 265382 
650 0 |a Poesía española  |9 264938 
650 0 |a Crítica e interpretación   |9 255042 
583 |a last modification  |c 19890531 00:00:00  |k Rodrigo Vera 
490 0 |a Letras hispánicas, 2 
999 |c 213331  |d 213329 
952 |0 0  |1 0  |4 0  |6 861_090000000000000_HER_1985  |7 0  |8 P  |9 195619  |a BIBARQ  |b BIBARQ  |d 2019-11-14  |i 2636387  |o 861.09 HER 1985  |p 2636387  |r 2025-01-20  |w 2019-11-14  |y BK  |k ARQ